00270nam a2200097Ia 4500008004100000082002000041100002200061245004400083260003700127300000800164150731s2014 xx 000 0 und d a615.538bV 14 T aTREEPATHI,INDRDEV aVYAADHNIGRH-CHAKHAMBHA AYURVEDA SAHITYA bCHAUKHAMBHA PUB. NEW DELHIc2014 a152